| 000 | 00792nam a22002417a 4500 | ||
|---|---|---|---|
| 005 | 20200104041737.0 | ||
| 008 | 160203b xxu||||| |||| 00| 0 spa d | ||
| 040 |
_aCO-BoIAVH _cCO-BoIAVH |
||
| 041 | _aspa | ||
| 090 |
_aLB- _b05907 |
||
| 100 | 1 | _aIsabelle Lecup | |
| 245 | 1 |
_aPequeñas Empresas Comunitarias de Productos del Bosque, Análisis y Desarrollo de Mercado _bDirectrices para Facilitadores de Campo |
|
| 260 |
_a2004: _bFAO, _c[s. i.] |
||
| 300 | _a223 Paginas | ||
| 650 | 4 | _aPequeñas Empresas | |
| 650 | 4 | _aPlan de Desarrollo Empresarial | |
| 650 | 4 | _aObjetivos Financieros | |
| 650 | 4 | _aProductos | |
| 650 | 4 | _aCapacitación | |
| 650 | 4 | _aDesarrollo Sostenible | |
| 700 | _aKen, Nicholson | ||
| 942 |
_2z _cINFORME |
||
| 999 |
_c18090 _d18090 |
||